|
|
|
|
| LEADER |
00775nam a2200193 i 4500 |
| 001 |
c000241356 |
| 003 |
CARM |
| 005 |
00000000000000.0 |
| 008 |
840306s1930 br 0 eng d |
| 019 |
1 |
|
|a 4845881
|5 LACONCORD2021
|
| 035 |
|
|
|a (OCoLC)220299013
|5 LACONCORD2021
|
| 082 |
0 |
4 |
|a 495.811
|
| 245 |
0 |
0 |
|a Tables for the transliteration of Burmese into English :
|b with illustrations.
|
| 260 |
|
|
|a Rangoon :
|b Supdt., Govt. Printing and Stationery, Burma,
|c 1930.
|
| 300 |
|
|
|a 19p.
|
| 650 |
|
0 |
|a Burmese language
|x Transliteration into English.
|
| 852 |
8 |
|
|b CARM
|h A1:AQ27E0
|i F01873
|p 0368209
|f BK
|
| 999 |
f |
f |
|i 9edfe633-e9ab-532a-9a1b-42b0edfd9cd0
|s 1c1b5812-b4ed-54d8-b18c-49d6fe8f793e
|
| 952 |
f |
f |
|p Can circulate
|a CAVAL
|b CAVAL
|c CAVAL
|d CARM 1 Store
|e F01873
|f A1:AQ27E0
|h Other scheme
|i book
|m 0368209
|